Tantra : The path of Ecstasy (Record no. 22723)

MARC details
000 -LEADER
fixed length control field 00575cam a2200169 a 4500
020 ## - INTERNATIONAL STANDARD BOOK NUMBER
ISBN 157062304X (pbk. : alk. paper)
082 00 - DEWEY DECIMAL CLASSIFICATION NUMBER
Classification number 294.5514
Author Cutter FEU
100 1# - MAIN ENTRY--AUTHOR NAME
Author name Feuerstein, Georg.
245 10 - TITLE STATEMENT
Title Tantra : The path of Ecstasy
260 ## - PUBLICATION, DISTRIBUTION, ETC. (IMPRINT)
Place of publication Boston :
Name of publisher Shambhala ;
Place of publication [New York] :
Name of publisher Distributed in the USA by Random House,
Year of publication 1998.
300 ## - PHYSICAL DESCRIPTION
Number of Pages xvi, 314 p. :
Other physical details ill. ;
650 #0 - SUBJECT ADDED ENTRY--TOPICAL TERM
Topical Term Tantrism.
856 42 - ELECTRONIC LOCATION AND ACCESS
Uniform Resource Identifier http://www.loc.gov/catdir/description/random051/97029983.html
856 42 - ELECTRONIC LOCATION AND ACCESS
Uniform Resource Identifier http://www.loc.gov/catdir/enhancements/fy0664/97029983-b.html
942 ## - ADDED ENTRY ELEMENTS (KOHA)
Koha item type Books
Holdings
Home library Current library Shelving location Date acquired Full call number Accession Number Koha item type
Henry Martyn Institute Library Henry Martyn Institute Library General stacks 10/04/2019 294.5514 FEU 25608 Books
                   Copyright © 2026 | Henry Martyn Institute | Hyderabad | TS-500052 | INDIA | Implemented by hmi.edu.in
Hit-Count:

Powered by Koha